[Event "T-Director's Swiss sytem"]
[Site "playchess.com #662980"]
[Date "2014.03.16"]
[Round "9"]
[White "degondo"]
[Black "Handichess"]
[Result "1-0"]
[WhiteElo "1805"]
[BlackElo "1655"]
[PlyCount "35"]
[EventDate "2014.03.16"]
[EventType "swiss (blitz)"]

1. e4 {[%emt 0:00:07]} d5 {[%emt 0:00:04]} 2. exd5 {[%emt 0:00:02]} Qxd5 {
[%emt 0:00:01]} 3. Nc3 {[%emt 0:00:01]} Qd6 {[%emt 0:00:01]} 4. d4 {[%emt 0:00:
02]} Nf6 {[%emt 0:00:07]} 5. Bc4 {[%emt 0:00:03]} e6 {[%emt 0:00:12]} 6. Nf3 {
[%emt 0:00:04]} Nc6 {[%emt 0:00:19]} 7. O-O {[%emt 0:00:03]} a6 {[%emt 0:00:03]
} 8. Re1 {[%emt 0:00:08]} Be7 {[%emt 0:00:03]} 9. Bg5 {[%emt 0:00:11]} b5 {
[%emt 0:00:19]} 10. Bb3 {[%emt 0:00:11]} O-O {[%emt 0:00:13]} 11. Bxf6 {[%emt
0:00:02]} Bxf6 {[%emt 0:00:03]} 12. Ne4 {[%emt 0:00:03]} Qd8 {[%emt 0:00:16]}
13. c3 {[%emt 0:00:09]} Bb7 {[%emt 0:00:06]} 14. Qe2 {[%emt 0:00:03]} Rc8 {
[%emt 0:00:19]} 15. Nc5 {[%emt 0:00:03]} Rb8 {[%emt 0:00:20]} 16. Bc2 {[%emt 0:
00:02]} Ne7 {[%emt 0:00:20]} 17. Nxb7 {[%emt 0:00:03]} Rxb7 {[%emt 0:00:03]}
18. Qe4 {[%emt 0:00:01] Handichess abandonne} 1-0

[Event "T-Director's Swiss sytem"]
[Site "playchess.com #662980"]
[Date "2014.03.16"]
[Round "6"]
[White "degondo"]
[Black "Pikaboom"]
[Result "0-1"]
[WhiteElo "1825"]
[BlackElo "2018"]
[PlyCount "136"]
[EventDate "2014.03.16"]
[EventType "swiss (blitz)"]

1. e4 {[%emt 0:00:05]} e5 {[%emt 0:00:02]} 2. Nf3 {[%emt 0:00:01]} Nc6 {[%emt
0:00:06]} 3. d4 {[%emt 0:00:02]} exd4 {[%emt 0:00:03]} 4. Nxd4 {[%emt 0:00:01]}
Bc5 {[%emt 0:00:03]} 5. Be3 {[%emt 0:00:06]} Qf6 {[%emt 0:00:05]} 6. c3 {[%emt
0:00:02]} Nge7 {[%emt 0:00:03]} 7. Bc4 {[%emt 0:00:02]} Bb6 {[%emt 0:00:01]} 8.
O-O {[%emt 0:00:06]} d6 {[%emt 0:00:01]} 9. Nb5 {[%emt 0:00:22]} O-O {[%emt 0:
01:02]} 10. Bxb6 {[%emt 0:00:06]} cxb6 {[%emt 0:00:00]} 11. Qxd6 {[%emt 0:00:
10]} Qg5 {[%emt 0:00:12]} 12. f4 {[%emt 0:00:15]} Qh5 {[%emt 0:00:26]} 13. Qd2
{[%emt 0:00:42]} Be6 {[%emt 0:00:18]} 14. Be2 {[%emt 0:00:19]} Bg4 {[%emt 0:00:
13]} 15. Bxg4 {[%emt 0:00:04]} Qxg4 {[%emt 0:00:04]} 16. Qd1 {[%emt 0:00:02]}
Qh4 {[%emt 0:00:09]} 17. N1a3 {[%emt 0:00:18]} Rad8 {[%emt 0:00:02]} 18. Qe2 {
[%emt 0:00:02]} a6 {[%emt 0:00:06]} 19. g3 {[%emt 0:00:17]} Qh6 {[%emt 0:00:10]
} 20. Nc7 {[%emt 0:00:09]} Qd6 {[%emt 0:00:07]} 21. Nd5 {[%emt 0:00:05]} Nxd5 {
[%emt 0:00:01]} 22. exd5 {[%emt 0:00:08]} Qxd5 {[%emt 0:00:02]} 23. Rfd1 {
[%emt 0:00:05]} Qc5+ {[%emt 0:00:02]} 24. Qf2 {[%emt 0:00:02]} Rfe8 {[%emt 0:
00:29]} 25. Nc2 {[%emt 0:00:10]} Qh5 {[%emt 0:00:04]} 26. Re1 {[%emt 0:00:10]}
Qc5 {[%emt 0:00:14]} 27. Rad1 {[%emt 0:00:20]} h6 {[%emt 0:00:04]} 28. Rxe8+ {
[%emt 0:00:07]} Rxe8 {[%emt 0:00:02]} 29. Qxc5 {[%emt 0:00:03]} bxc5 {[%emt 0:
00:01]} 30. Kf2 {[%emt 0:00:02]} Kf8 {[%emt 0:00:09]} 31. Rd7 {[%emt 0:00:04]}
Re7 {[%emt 0:00:02]} 32. Rd5 {[%emt 0:00:04]} c4 {[%emt 0:00:07]} 33. Ne3 {
[%emt 0:00:04]} b5 {[%emt 0:00:02]} 34. Rd6 {[%emt 0:00:05]} Nb8 {[%emt 0:00:
31]} 35. Nd5 {[%emt 0:00:15]} Rd7 {[%emt 0:00:08]} 36. Rxd7 {[%emt 0:00:08]}
Nxd7 {[%emt 0:00:00]} 37. Nc7 {[%emt 0:00:02]} Nc5 {[%emt 0:00:01]} 38. Nxa6 {
[%emt 0:00:07]} Nxa6 {[%emt 0:00:02]} 39. Ke3 {[%emt 0:00:02]} Ke7 {[%emt 0:00:
04]} 40. Kd4 {[%emt 0:00:02]} Kd6 {[%emt 0:00:01]} 41. b3 {[%emt 0:00:03]} cxb3
{[%emt 0:00:04]} 42. axb3 {[%emt 0:00:02]} Nc5 {[%emt 0:00:02]} 43. b4 {[%emt
0:00:05]} Na4 {[%emt 0:00:01]} 44. c4 {[%emt 0:00:02]} bxc4 {[%emt 0:00:02]}
45. Kxc4 {[%emt 0:00:02]} Nb6+ {[%emt 0:00:05]} 46. Kb5 {[%emt 0:00:02]} Nd7 {
[%emt 0:00:06]} 47. g4 {[%emt 0:00:04]} g6 {[%emt 0:00:03]} 48. h4 {[%emt 0:00:
04]} f5 {[%emt 0:00:01]} 49. gxf5 {[%emt 0:00:10]} gxf5 {[%emt 0:00:01]} 50.
Kc4 {[%emt 0:00:06]} Kc6 {[%emt 0:00:09]} 51. Kd4 {[%emt 0:00:03]} Kd6 {[%emt
0:00:10]} 52. Kc4 {[%emt 0:00:08]} Nb6+ {[%emt 0:00:01]} 53. Kd4 {[%emt 0:00:
02]} Nd5 {[%emt 0:00:02]} 54. b5 {[%emt 0:00:04]} Nxf4 {[%emt 0:00:01]} 55. b6
{[%emt 0:00:02]} Ng6 {[%emt 0:00:02]} 56. b7 {[%emt 0:00:08]} Kc7 {[%emt 0:00:
01]} 57. h5 {[%emt 0:00:01]} Nf4 {[%emt 0:00:07]} 58. Ke5 {[%emt 0:00:06]} Nxh5
{[%emt 0:00:01]} 59. Kxf5 {[%emt 0:00:06]} Ng7+ {[%emt 0:00:02]} 60. Kg6 {
[%emt 0:00:04]} h5 {[%emt 0:00:01]} 61. Kg5 {[%emt 0:00:02]} Kxb7 {[%emt 0:00:
01]} 62. Kh4 {[%emt 0:00:01]} Kc6 {[%emt 0:00:01]} 63. Kg5 {[%emt 0:00:01]} Kd5
{[%emt 0:00:01]} 64. Kh4 {[%emt 0:00:01]} Ke4 {[%emt 0:00:01]} 65. Kg5 {[%emt
0:00:02]} Kf3 {[%emt 0:00:01]} 66. Kh4 {[%emt 0:00:01]} Kg2 {[%emt 0:00:01]}
67. Kg5 {[%emt 0:00:02]} Kg3 {[%emt 0:00:01]} 68. Kh6 {[%emt 0:00:03]} h4 {
[%emt 0:00:01] degondo abandonne} 0-1

[Event "T-Director's Swiss sytem"]
[Site "playchess.com #662980"]
[Date "2014.03.16"]
[Round "4"]
[White "degondo"]
[Black "lara12apr"]
[Result "1-0"]
[WhiteElo "1733"]
[BlackElo "1752"]
[PlyCount "55"]
[EventDate "2014.03.16"]
[EventType "swiss (blitz)"]

1. e4 {[%emt 0:00:03]} e5 {[%emt 0:00:09]} 2. Nf3 {[%emt 0:00:06]} Nc6 {[%emt
0:00:06]} 3. d4 {[%emt 0:00:03]} d6 {[%emt 0:00:34]} 4. dxe5 {[%emt 0:00:09]}
dxe5 {[%emt 0:00:08]} 5. Qxd8+ {[%emt 0:00:03]} Nxd8 {[%emt 0:00:06]} 6. Nxe5 {
[%emt 0:00:02]} Nf6 {[%emt 0:00:12]} 7. Bd3 {[%emt 0:00:04]} Bd6 {[%emt 0:00:
11]} 8. Nc4 {[%emt 0:00:02]} O-O {[%emt 0:00:12]} 9. Nxd6 {[%emt 0:00:04]} cxd6
{[%emt 0:00:28]} 10. O-O {[%emt 0:00:02]} d5 {[%emt 0:00:18]} 11. e5 {[%emt 0:
00:04]} Ng4 {[%emt 0:00:17]} 12. Bf4 {[%emt 0:00:05]} Ne6 {[%emt 0:00:33]} 13.
Bg3 {[%emt 0:00:04]} b5 {[%emt 0:00:44]} 14. Bxb5 {[%emt 0:00:11]} d4 {[%emt 0:
00:23]} 15. b3 {[%emt 0:00:09]} a6 {[%emt 0:00:46]} 16. Be2 {[%emt 0:00:04]}
Nh6 {[%emt 0:00:20]} 17. Nd2 {[%emt 0:00:02]} Nf5 {[%emt 0:00:03]} 18. Rad1 {
[%emt 0:00:03]} Nc7 {[%emt 0:00:04]} 19. Nf3 {[%emt 0:00:05]} Nd5 {[%emt 0:00:
03]} 20. a4 {[%emt 0:00:33]} Nxg3 {[%emt 0:00:00]} 21. hxg3 {[%emt 0:00:02]}
Be6 {[%emt 0:00:02]} 22. Rxd4 {[%emt 0:00:02]} Rac8 {[%emt 0:00:02]} 23. Bc4 {
[%emt 0:00:06]} Rc7 {[%emt 0:00:01]} 24. Bxd5 {[%emt 0:00:02]} Bxd5 {[%emt 0:
00:04]} 25. Rxd5 {[%emt 0:00:01]} Rxc2 {[%emt 0:00:00]} 26. Rfd1 {[%emt 0:00:
03]} Rfc8 {[%emt 0:00:04]} 27. Rd8+ {[%emt 0:00:03]} Rxd8 {[%emt 0:00:02]} 28.
Rxd8# {[%emt 0:00:03]} 1-0

[Event "T-Director's Swiss sytem"]
[Site "playchess.com #662980"]
[Date "2014.03.16"]
[Round "7"]
[White "dusica"]
[Black "GDnp"]
[Result "1-0"]
[WhiteElo "1701"]
[BlackElo "1659"]
[PlyCount "127"]
[EventDate "2014.03.16"]
[EventType "swiss (blitz)"]

1. d4 {[%emt 0:00:14]} Nf6 {[%emt 0:00:03]} 2. Nc3 {[%emt 0:00:01]} e6 {[%emt
0:00:03]} 3. Bg5 {[%emt 0:00:02]} Be7 {[%emt 0:00:05]} 4. Nf3 {[%emt 0:00:03]}
h6 {[%emt 0:00:03]} 5. Bxf6 {[%emt 0:00:01]} Bxf6 {[%emt 0:00:02]} 6. e4 {
[%emt 0:00:01]} b6 {[%emt 0:00:04]} 7. e5 {[%emt 0:00:01]} Be7 {[%emt 0:00:02]}
8. Bd3 {[%emt 0:00:02]} Bb7 {[%emt 0:00:02]} 9. Qe2 {[%emt 0:00:02]} c5 {[%emt
0:00:05]} 10. dxc5 {[%emt 0:00:05]} Bxc5 {[%emt 0:00:05]} 11. Ne4 {[%emt 0:00:
05]} Bxe4 {[%emt 0:00:18]} 12. Qxe4 {[%emt 0:00:02]} Nc6 {[%emt 0:00:02]} 13.
O-O {[%emt 0:00:02]} Rc8 {[%emt 0:00:03]} 14. Rad1 {[%emt 0:00:02]} g6 {[%emt
0:00:44]} 15. c3 {[%emt 0:00:02]} O-O {[%emt 0:00:03]} 16. Qg4 {[%emt 0:00:08]}
Kg7 {[%emt 0:00:24]} 17. Rfe1 {[%emt 0:00:06]} f5 {[%emt 0:00:25]} 18. exf6+ {
[%emt 0:00:03]} Qxf6 {[%emt 0:00:04]} 19. h4 {[%emt 0:00:06]} Rcd8 {[%emt 0:00:
11]} 20. h5 {[%emt 0:00:02]} g5 {[%emt 0:00:15]} 21. Qe4 {[%emt 0:00:02]} Qf5 {
[%emt 0:00:02]} 22. Qxf5 {[%emt 0:00:08]} exf5 {[%emt 0:00:01]} 23. Rf1 {[%emt
0:00:08]} d5 {[%emt 0:00:07]} 24. Bc2 {[%emt 0:00:04]} Ne7 {[%emt 0:00:10]} 25.
Nd4 {[%emt 0:00:07]} Kf6 {[%emt 0:00:04]} 26. Rfe1 {[%emt 0:00:02]} Bxd4 {
[%emt 0:00:03]} 27. Rxd4 {[%emt 0:00:02]} Nc6 {[%emt 0:00:05]} 28. Rd2 {[%emt
0:00:04]} Rd6 {[%emt 0:00:10]} 29. Red1 {[%emt 0:00:03]} Rfd8 {[%emt 0:00:03]}
30. Ba4 {[%emt 0:00:04]} Ne5 {[%emt 0:00:08]} 31. Bb3 {[%emt 0:00:03]} g4 {
[%emt 0:00:18]} 32. Rxd5 {[%emt 0:00:05]} Rxd5 {[%emt 0:00:06]} 33. Rxd5 {
[%emt 0:00:01]} Rxd5 {[%emt 0:00:02]} 34. Bxd5 {[%emt 0:00:02]} Kg5 {[%emt 0:
00:02]} 35. Kf1 {[%emt 0:00:04]} Kxh5 {[%emt 0:00:07]} 36. Ke2 {[%emt 0:00:01]}
Kg5 {[%emt 0:00:02]} 37. Ke3 {[%emt 0:00:01]} h5 {[%emt 0:00:04]} 38. Kd4 {
[%emt 0:00:01]} Kf6 {[%emt 0:00:09]} 39. b4 {[%emt 0:00:05]} Nd7 {[%emt 0:00:
06]} 40. g3 {[%emt 0:00:04]} Kg5 {[%emt 0:00:08]} 41. Bc6 {[%emt 0:00:04]} Nf6
{[%emt 0:00:03]} 42. Ke5 {[%emt 0:00:02]} Nh7 {[%emt 0:00:12]} 43. Bd7 {[%emt
0:00:03]} h4 {[%emt 0:00:19]} 44. gxh4+ {[%emt 0:00:01]} Kxh4 {[%emt 0:00:01]}
45. Bxf5 {[%emt 0:00:01]} Ng5 {[%emt 0:00:01]} 46. Bc8 {[%emt 0:00:07]} Kh3 {
[%emt 0:00:05]} 47. Kf4 {[%emt 0:00:01]} Nf7 {[%emt 0:00:04]} 48. Bxg4+ {[%emt
0:00:02]} Kh4 {[%emt 0:00:00]} 49. f3 {[%emt 0:00:02]} Nd6 {[%emt 0:00:02]} 50.
Ke5 {[%emt 0:00:02]} Nb5 {[%emt 0:00:01]} 51. c4 {[%emt 0:00:03]} Nc3 {[%emt 0:
00:01]} 52. c5 {[%emt 0:00:03]} bxc5 {[%emt 0:00:05]} 53. bxc5 {[%emt 0:00:01]}
Nb5 {[%emt 0:00:05]} 54. c6 {[%emt 0:00:03]} Kg5 {[%emt 0:00:00]} 55. Bd7 {
[%emt 0:00:06]} Kg6 {[%emt 0:00:02]} 56. f4 {[%emt 0:00:01]} Kf7 {[%emt 0:00:
02]} 57. f5 {[%emt 0:00:03]} Ke7 {[%emt 0:00:01]} 58. f6+ {[%emt 0:00:01]} Kd8
{[%emt 0:00:02]} 59. Be6 {[%emt 0:00:03]} Nc3 {[%emt 0:00:04]} 60. Kd6 {[%emt
0:00:03]} Nb5+ {[%emt 0:00:05]} 61. Kc5 {[%emt 0:00:02]} Nc7 {[%emt 0:00:02]}
62. Bc4 {[%emt 0:00:01]} Ke8 {[%emt 0:00:05]} 63. Kd6 {[%emt 0:00:02]} Kd8 {
[%emt 0:00:01]} 64. f7 {[%emt 0:00:02] GDnp ofrece tablas Tiempo} 1-0

[Event "T-Director's Swiss sytem"]
[Site "playchess.com #662980"]
[Date "2014.03.16"]
[Round "9"]
[White "dusica"]
[Black "Orgoi"]
[Result "0-1"]
[WhiteElo "1745"]
[BlackElo "2083"]
[PlyCount "98"]
[EventDate "2014.03.16"]
[EventType "swiss (blitz)"]

1. d4 {[%emt 0:00:03]} Nf6 {[%emt 0:00:02]} 2. Nc3 {[%emt 0:00:01]} d5 {[%emt
0:00:02]} 3. Bg5 {[%emt 0:00:02]} Ne4 {[%emt 0:00:04]} 4. Nxe4 {[%emt 0:00:02]}
dxe4 {[%emt 0:00:02]} 5. c3 {[%emt 0:00:01]} g6 {[%emt 0:00:03]} 6. Qc2 {[%emt
0:00:01]} Bf5 {[%emt 0:00:04]} 7. e3 {[%emt 0:00:01]} Bg7 {[%emt 0:00:02]} 8.
h3 {[%emt 0:00:02]} h6 {[%emt 0:00:05]} 9. Bf4 {[%emt 0:00:01]} g5 {[%emt 0:00:
02]} 10. Bh2 {[%emt 0:00:03]} O-O {[%emt 0:00:02]} 11. g4 {[%emt 0:00:01]} Bg6
{[%emt 0:00:01]} 12. Bg2 {[%emt 0:00:02]} Qd5 {[%emt 0:00:05]} 13. Ne2 {[%emt
0:00:04]} e5 {[%emt 0:00:01]} 14. c4 {[%emt 0:00:02]} Qa5+ {[%emt 0:00:03]} 15.
Qc3 {[%emt 0:00:06]} Qxc3+ {[%emt 0:00:03]} 16. bxc3 {[%emt 0:00:01]} Nc6 {
[%emt 0:00:03]} 17. d5 {[%emt 0:00:02]} Na5 {[%emt 0:00:01]} 18. c5 {[%emt 0:
00:02]} Rad8 {[%emt 0:00:03]} 19. Rd1 {[%emt 0:00:06]} Nc4 {[%emt 0:00:03]} 20.
Ng3 {[%emt 0:00:04]} Nb2 {[%emt 0:00:01]} 21. Rd2 {[%emt 0:00:04]} Nd3+ {[%emt
0:00:01]} 22. Ke2 {[%emt 0:00:04]} Nxc5 {[%emt 0:00:03]} 23. c4 {[%emt 0:00:02]
} Rd6 {[%emt 0:00:04]} 24. Nf5 {[%emt 0:00:06]} Bxf5 {[%emt 0:00:03]} 25. gxf5
{[%emt 0:00:01]} Ra6 {[%emt 0:00:06]} 26. h4 {[%emt 0:00:04]} Bf6 {[%emt 0:00:
06]} 27. hxg5 {[%emt 0:00:02]} hxg5 {[%emt 0:00:04]} 28. Rg1 {[%emt 0:00:01]}
Kg7 {[%emt 0:00:05]} 29. Bg3 {[%emt 0:00:06]} Rh8 {[%emt 0:00:04]} 30. Rc2 {
[%emt 0:00:03]} Ra3 {[%emt 0:00:05]} 31. f3 {[%emt 0:00:04]} exf3+ {[%emt 0:00:
04]} 32. Bxf3 {[%emt 0:00:01]} e4 {[%emt 0:00:03]} 33. Bg2 {[%emt 0:00:04]} Bd8
{[%emt 0:00:23]} 34. Be5+ {[%emt 0:00:04]} f6 {[%emt 0:00:05]} 35. Bd4 {[%emt
0:00:01]} Be7 {[%emt 0:00:02]} 36. Kd2 {[%emt 0:00:17]} Rd3+ {[%emt 0:00:07]}
37. Kc1 {[%emt 0:00:03]} Bd6 {[%emt 0:00:10]} 38. Bf1 {[%emt 0:00:03]} Ra3 {
[%emt 0:00:08]} 39. Rxg5+ {[%emt 0:00:03]} Kf7 {[%emt 0:00:03]} 40. Rg6 {[%emt
0:00:02]} Rh1 {[%emt 0:00:05]} 41. Rxf6+ {[%emt 0:00:06]} Ke7 {[%emt 0:00:04]}
42. Rf2 {[%emt 0:00:02]} Nd3+ {[%emt 0:00:03]} 43. Kb1 {[%emt 0:00:02]} Nxf2 {
[%emt 0:00:04]} 44. Kb2 {[%emt 0:00:01]} Rxf1 {[%emt 0:00:06]} 45. Re6+ {[%emt
0:00:08]} Kd7 {[%emt 0:00:02]} 46. f6 {[%emt 0:00:01]} Nd3+ {[%emt 0:00:05]}
47. Kc2 {[%emt 0:00:02]} Rf2+ {[%emt 0:00:02]} 48. Kd1 {[%emt 0:00:02]} Raxa2 {
[%emt 0:00:02]} 49. Rxd6+ {[%emt 0:00:04]} cxd6 {[%emt 0:00:04] dusica resigns}
0-1

[Event "T-Director's Swiss sytem"]
[Site "playchess.com #662980"]
[Date "2014.03.16"]
[Round "1"]
[White "henrid"]
[Black "Chrisj555"]
[Result "0-1"]
[WhiteElo "1541"]
[BlackElo "2115"]
[PlyCount "76"]
[EventDate "2014.03.16"]
[EventType "swiss (blitz)"]

1. Nf3 {[%emt 0:00:06]} f5 {[%emt 0:00:04]} 2. d4 {[%emt 0:00:02]} Nf6 {[%emt
0:00:02]} 3. c4 {[%emt 0:00:05]} e6 {[%emt 0:00:04]} 4. g3 {[%emt 0:00:04]} Be7
{[%emt 0:00:01]} 5. Bg2 {[%emt 0:00:02]} d5 {[%emt 0:00:02]} 6. cxd5 {[%emt 0:
00:06]} exd5 {[%emt 0:00:01]} 7. O-O {[%emt 0:00:01]} O-O {[%emt 0:00:02]} 8.
Nc3 {[%emt 0:00:02]} c6 {[%emt 0:00:01]} 9. a3 {[%emt 0:00:13]} a5 {[%emt 0:00:
03]} 10. Re1 {[%emt 0:00:19]} b6 {[%emt 0:00:01]} 11. Qb3 {[%emt 0:00:10]} Bb7
{[%emt 0:00:05]} 12. Bg5 {[%emt 0:00:20]} Nbd7 {[%emt 0:00:04]} 13. e3 {[%emt
0:00:04]} Ba6 {[%emt 0:00:10]} 14. Bxf6 {[%emt 0:00:06]} Bxf6 {[%emt 0:00:04]}
15. Rac1 {[%emt 0:00:22]} Bc4 {[%emt 0:00:03]} 16. Qc2 {[%emt 0:00:01]} g6 {
[%emt 0:00:04]} 17. b3 {[%emt 0:00:01]} Ba6 {[%emt 0:00:02]} 18. Na4 {[%emt 0:
00:09]} Rc8 {[%emt 0:00:04]} 19. b4 {[%emt 0:00:15]} axb4 {[%emt 0:00:05]} 20.
axb4 {[%emt 0:00:05]} Bc4 {[%emt 0:00:07]} 21. Nd2 {[%emt 0:00:10]} b5 {[%emt
0:00:08]} 22. Nc5 {[%emt 0:00:05]} Nxc5 {[%emt 0:00:07]} 23. bxc5 {[%emt 0:00:
05]} Ra8 {[%emt 0:00:01]} 24. Nxc4 {[%emt 0:00:01]} bxc4 {[%emt 0:00:01]} 25.
f3 {[%emt 0:00:23]} Ra3 {[%emt 0:00:07]} 26. Ra1 {[%emt 0:00:07]} Qa5 {[%emt 0:
00:07]} 27. Rxa3 {[%emt 0:00:32]} Qxa3 {[%emt 0:00:16]} 28. Re2 {[%emt 0:00:34]
} Rb8 {[%emt 0:00:04]} 29. Rd2 {[%emt 0:00:21]} Qxe3+ {[%emt 0:00:09]} 30. Rf2
{[%emt 0:00:18]} Bxd4 {[%emt 0:00:03]} 31. Bf1 {[%emt 0:00:44]} Qxf3 {[%emt 0:
00:14] '} 32. Bg2 {[%emt 0:00:08]} Qxf2+ {[%emt 0:00:06]} 33. Qxf2 {[%emt 0:00:
04]} Bxf2+ {[%emt 0:00:00]} 34. Kxf2 {[%emt 0:00:01]} Rb2+ {[%emt 0:00:04]} 35.
Kf3 {[%emt 0:00:01]} Rxg2 {[%emt 0:00:07]} 36. Kxg2 {[%emt 0:00:00]} c3 {[%emt
0:00:01]} 37. Kf2 {[%emt 0:00:01]} c2 {[%emt 0:00:02]} 38. Kf3 {[%emt 0:00:01]}
c1=Q {[%emt 0:00:01] henrid abandonne} 0-1

[Event "T-Director's Swiss sytem"]
[Site "playchess.com #662980"]
[Date "2014.03.16"]
[Round "4"]
[White "henrid"]
[Black "Grunfelder"]
[Result "0-1"]
[WhiteElo "1506"]
[BlackElo "1289"]
[PlyCount "154"]
[EventDate "2014.03.16"]
[EventType "swiss (blitz)"]

1. d4 {[%emt 0:00:07]} Nf6 {[%emt 0:00:01]} 2. c4 {[%emt 0:00:01]} g6 {[%emt 0:
00:02]} 3. Nf3 {[%emt 0:00:02]} d5 {[%emt 0:00:01]} 4. Nc3 {[%emt 0:00:02]} Bg7
{[%emt 0:00:02]} 5. Bf4 {[%emt 0:00:03]} O-O {[%emt 0:00:05]} 6. h3 {[%emt 0:
00:01]} Re8 {[%emt 0:00:34]} 7. e3 {[%emt 0:00:11]} dxc4 {[%emt 0:00:16]} 8.
Bxc4 {[%emt 0:00:06]} c6 {[%emt 0:00:10]} 9. O-O {[%emt 0:00:05]} Nbd7 {[%emt
0:00:09]} 10. Qb3 {[%emt 0:00:31]} Rf8 {[%emt 0:00:09]} 11. Rad1 {[%emt 0:00:
06]} Nb6 {[%emt 0:00:01]} 12. Bd3 {[%emt 0:00:19]} Nfd5 {[%emt 0:00:03]} 13.
Nxd5 {[%emt 0:00:01]} Nxd5 {[%emt 0:00:01]} 14. Bh2 {[%emt 0:00:02]} Re8 {
[%emt 0:00:07]} 15. e4 {[%emt 0:00:09]} Nb6 {[%emt 0:00:07]} 16. Bb1 {[%emt 0:
00:02]} a5 {[%emt 0:00:02]} 17. a4 {[%emt 0:00:12]} Be6 {[%emt 0:00:03]} 18.
Qe3 {[%emt 0:00:08]} Nxa4 {[%emt 0:00:15]} 19. Qa3 {[%emt 0:00:45]} b5 {[%emt
0:00:05]} 20. Ne5 {[%emt 0:00:02]} Qb6 {[%emt 0:01:04]} 21. Rd3 {[%emt 0:00:22]
} Bc4 {[%emt 0:00:21]} 22. Nxc4 {[%emt 0:00:06]} bxc4 {[%emt 0:00:03]} 23. Rdd1
{[%emt 0:00:19]} Nxb2 {[%emt 0:00:05]} 24. e5 {[%emt 0:00:17]} Nxd1 {[%emt 0:
00:04]} 25. Rxd1 {[%emt 0:00:03]} Qb3 {[%emt 0:00:11]} 26. Qc1 {[%emt 0:00:10]}
a4 {[%emt 0:00:04]} 27. Qd2 {[%emt 0:00:37]} Red8 {[%emt 0:00:12]} 28. Ba2 {
[%emt 0:00:10]} Qb5 {[%emt 0:00:02]} 29. Rb1 {[%emt 0:00:04]} Qd5 {[%emt 0:00:
07]} 30. Qb4 {[%emt 0:00:10]} Qxd4 {[%emt 0:00:20]} 31. Bg3 {[%emt 0:00:04]}
Bxe5 {[%emt 0:00:22]} 32. Bxe5 {[%emt 0:00:02]} Qxe5 {[%emt 0:00:01]} 33. Qxc4
{[%emt 0:00:03]} Qd5 {[%emt 0:00:08]} 34. Qe2 {[%emt 0:00:08]} Qd2 {[%emt 0:00:
03]} 35. Qc4 {[%emt 0:00:05]} Qd5 {[%emt 0:00:21]} 36. Qe2 {[%emt 0:00:05]} Qd6
{[%emt 0:00:05]} 37. Rb7 {[%emt 0:00:14]} e6 {[%emt 0:00:02]} 38. g3 {[%emt 0:
00:04]} Rd7 {[%emt 0:00:02]} 39. Rb6 {[%emt 0:00:02]} Rb8 {[%emt 0:00:05]} 40.
Ra6 {[%emt 0:00:04]} Qd1+ {[%emt 0:00:02]} 41. Qxd1 {[%emt 0:00:03]} Rxd1+ {
[%emt 0:00:01]} 42. Kg2 {[%emt 0:00:01]} Rd2 {[%emt 0:00:03]} 43. Bc4 {[%emt 0:
00:01]} Rbb2 {[%emt 0:00:02]} 44. Rxa4 {[%emt 0:00:05]} Rxf2+ {[%emt 0:00:01]}
45. Kg1 {[%emt 0:00:01]} Rfc2 {[%emt 0:00:01]} 46. Bf1 {[%emt 0:00:06]} c5 {
[%emt 0:00:08]} 47. Ra8+ {[%emt 0:00:04]} Kg7 {[%emt 0:00:01]} 48. Ra1 {[%emt
0:00:03]} Ra2 {[%emt 0:00:01]} 49. Rd1 {[%emt 0:00:01]} c4 {[%emt 0:00:04]} 50.
h4 {[%emt 0:00:01]} c3 {[%emt 0:00:01]} 51. Rb1 {[%emt 0:00:01]} Rcb2 {[%emt 0:
00:01]} 52. Rc1 {[%emt 0:00:01]} c2 {[%emt 0:00:01]} 53. Bd3 {[%emt 0:00:02]}
Rb1 {[%emt 0:00:02]} 54. Rxb1 {[%emt 0:00:03]} cxb1=Q+ {[%emt 0:00:02]} 55.
Bxb1 {[%emt 0:00:01]} Ra1 {[%emt 0:00:01]} 56. Kf2 {[%emt 0:00:01]} Rxb1 {
[%emt 0:00:01]} 57. Kf3 {[%emt 0:00:01]} Rb3+ {[%emt 0:00:01]} 58. Kg4 {[%emt
0:00:00]} Rb2 {[%emt 0:00:03]} 59. Kh3 {[%emt 0:00:03]} Rf2 {[%emt 0:00:02]}
60. g4 {[%emt 0:00:02]} e5 {[%emt 0:00:01]} 61. Kg3 {[%emt 0:00:01]} Rf1 {
[%emt 0:00:01]} 62. Kg2 {[%emt 0:00:01]} Rf6 {[%emt 0:00:01]} 63. Kg3 {[%emt 0:
00:01]} Re6 {[%emt 0:00:01]} 64. Kf3 {[%emt 0:00:01]} e4+ {[%emt 0:00:01]} 65.
Ke3 {[%emt 0:00:01]} f5 {[%emt 0:00:02]} 66. g5 {[%emt 0:00:03]} Kf7 {[%emt 0:
00:01]} 67. Ke2 {[%emt 0:00:03]} Kg7 {[%emt 0:00:01]} 68. Ke3 {[%emt 0:00:01]}
h6 {[%emt 0:00:01]} 69. Ke2 {[%emt 0:00:02]} hxg5 {[%emt 0:00:02]} 70. hxg5 {
[%emt 0:00:01]} Kf7 {[%emt 0:00:01]} 71. Ke3 {[%emt 0:00:01]} Ke7 {[%emt 0:00:
01]} 72. Ke2 {[%emt 0:00:02]} Kd6 {[%emt 0:00:01]} 73. Ke3 {[%emt 0:00:01]} Kd5
{[%emt 0:00:01]} 74. Ke2 {[%emt 0:00:01]} Kc4 {[%emt 0:00:01]} 75. Ke3 {[%emt
0:00:01]} Rd6 {[%emt 0:00:01]} 76. Kf4 {[%emt 0:00:02]} Kd3 {[%emt 0:00:03]}
77. Ke5 {[%emt 0:00:02]} Rd8 {[%emt 0:00:02] henrid abandonne} 0-1

[Event "T-Director's Swiss sytem"]
[Site "playchess.com #662980"]
[Date "2014.03.16"]
[Round "6"]
[White "hermann53"]
[Black "jobijo"]
[Result "0-1"]
[WhiteElo "868"]
[BlackElo "1378"]
[PlyCount "40"]
[EventDate "2014.03.16"]
[EventType "swiss (blitz)"]

1. e4 {[%emt 0:00:03]} e5 {[%emt 0:00:02]} 2. Nf3 {[%emt 0:00:10]} Nf6 {[%emt
0:00:03]} 3. Bc4 {[%emt 0:00:02]} Nxe4 {[%emt 0:00:08]} 4. O-O {[%emt 0:00:09]}
d5 {[%emt 0:00:02]} 5. Qe2 {[%emt 0:00:13]} Nc6 {[%emt 0:00:23]} 6. c3 {[%emt
0:00:14]} Bd6 {[%emt 0:00:17]} 7. d4 {[%emt 0:00:13]} Nxf2 {[%emt 0:00:03]} 8.
Qxf2 {[%emt 0:00:14]} dxc4 {[%emt 0:00:02]} 9. Ng5 {[%emt 0:00:04]} f6 {[%emt
0:00:30]} 10. Ne4 {[%emt 0:00:50] jobijo reconnected.} O-O {[%emt 0:00:34]} 11.
Bh6 {[%emt 0:00:10]} f5 {[%emt 0:00:20] hermann53 bietet Remis} 12. Ng5 {[%emt
0:00:31]} gxh6 {[%emt 0:00:11]} 13. Qh4 {[%emt 0:00:08]} Qxg5 {[%emt 0:00:07]}
14. Qh3 {[%emt 0:00:19]} f4 {[%emt 0:00:04]} 15. g4 {[%emt 0:00:25]} Bxg4 {
[%emt 0:00:06]} 16. Qg2 {[%emt 0:00:09]} f3 {[%emt 0:00:02]} 17. Nd2 {[%emt 0:
00:06]} fxg2 {[%emt 0:00:03]} 18. Kxg2 {[%emt 0:00:03]} Qxd2+ {[%emt 0:00:02]}
19. Kg1 {[%emt 0:00:03]} e4 {[%emt 0:00:03]} 20. Rad1 {[%emt 0:00:04]} Qxh2# {
[%emt 0:00:03]} 0-1